Library Logo

Pioneer International University Library Catalogue

International business : (Record no. 3994)

MARC details
000 -LEADER
fixed length control field 00572pam a2200181 a 4500
005 - DATE AND TIME OF LATEST TRANSACTION
control field 20250901165434.0
008 - FIXED-LENGTH DATA ELEMENTS--GENERAL INFORMATION
fixed length control field 980302s1999 maua b 001 0 eng
010 ## - LIBRARY OF CONGRESS CONTROL NUMBER
LC control number 98016009
020 ## - INTERNATIONAL STANDARD BOOK NUMBER
International Standard Book Number 0201857677 (hardcover)
050 00 - LIBRARY OF CONGRESS CALL NUMBER
Classification number HD62.4 .G74 1999
Item number .G74 1999
082 00 - DEWEY DECIMAL CLASSIFICATION NUMBER
Classification number 658/.049
Edition information 21
100 1# - MAIN ENTRY--PERSONAL NAME
Personal name Griffin, Ricky W.
245 10 - TITLE STATEMENT
Title International business :
Remainder of title a managerial perspective /
Statement of responsibility, etc. Ricky W. Griffin, Michael W. Pustay.
250 ## - EDITION STATEMENT
Edition statement 2nd ed.
260 ## - PUBLICATION, DISTRIBUTION, ETC.
Place of publication, distribution, etc. Reading, Mass. :
Name of publisher, distributor, etc. Addison-Wesley,
Date of publication, distribution, etc. c1999.
300 ## - PHYSICAL DESCRIPTION
Extent xxxii, 808 p. :
Other physical details col. ill. ;
Dimensions 26 cm.
942 ## - ADDED ENTRY ELEMENTS (KOHA)
Source of classification or shelving scheme Library of Congress Classification
Holdings
Withdrawn status Lost status Source of classification or shelving scheme Damaged status Not for loan Home library Current library Shelving location Date acquired Total checkouts Full call number Barcode Date last seen Price effective from Koha item type
    Library of Congress Classification     Main Library Main Library   03/31/2021   HD62.4 .G74 1999 PIU0002595 03/31/2021 03/31/2021 Books